Proceedings. Actes.

Bibliographic Details
New Title:Proceedings of the ... IMACS congress
Corporate Author: International Analogue Computation Meetings
Format: Conference Proceeding
Language:English
Published: Bruxelles : Presses academiques europeenes.
Subjects:

MARC

Tag First Indicator Second Indicator Subfields
LEADER 00000cas a2200000 4500
001 in00000132913
005 20151002070228.0
008 790327d19551976fr uu 1uuua0eng
010 |a  59054717  
035 |a (OCoLC)04785879 
035 |9 AAP8208AM 
040 |a DLC  |c DXU  |d TXA  |d UtOrBLW 
049 |a TXAE 
050 0 0 |a QA76.4  |b .I58 
082 0 |a 510.7824 
111 2 |a International Analogue Computation Meetings. 
245 1 0 |a Proceedings. Actes. 
264 1 |a Bruxelles :  |b Presses academiques europeenes. 
300 |a 8 volumes :  |b illustrations ;  |c 30 cm. 
336 |a text  |b txt  |2 rdacontent 
337 |a unmediated  |b n  |2 rdamedia 
338 |a volume  |b nc  |2 rdacarrier 
362 0 |a 1-8 ; 1955-1976 
550 |a Vol. for 1955 issued by the conference under a variant name: International Analogy Computation Meeting. 
650 0 |a Electronic analog computers  |x Congresses. 
650 0 |a Numerical calculations  |v Congresses. 
650 0 |a Calculators  |x Congresses. 
785 0 0 |t Proceedings of the ... IMACS congress 
999 |a MARS 
999 f f |s d1ebc118-5fc3-37f1-a2d4-3b7b3fe0a746  |i 9021793d-d55a-3366-857c-2410677be0d3  |t 0 
952 f f |p ric  |a Texas A&M University  |b Rellis Campus  |c Joint Library Facility  |d Remote Storage  |t 0  |e QA76.4 .I58  |h Library of Congress classification  |i unmediated -- volume  |k 5th:v..1  |l 1967  |m A14807826234 
952 f f |p ric  |a Texas A&M University  |b Rellis Campus  |c Joint Library Facility  |d Remote Storage  |t 0  |e QA76.4 .I58  |h Library of Congress classification  |i unmediated -- volume  |k 6th  |l 1970  |m A14831686470 
952 f f |p ric  |a Texas A&M University  |b Rellis Campus  |c Joint Library Facility  |d Remote Storage  |t 0  |e QA76.4 .I58  |h Library of Congress classification  |i unmediated -- volume  |k 2nd  |l 1958  |m A14807826218 
952 f f |p ric  |a Texas A&M University  |b Rellis Campus  |c Joint Library Facility  |d Remote Storage  |t 0  |e QA76.4 .I58  |h Library of Congress classification  |i unmediated -- volume  |k 5th:v.2  |l 1967  |m A14831686519 
952 f f |p ric  |a Texas A&M University  |b Rellis Campus  |c Joint Library Facility  |d Remote Storage  |t 0  |e QA76.4 .I58  |h Library of Congress classification  |i unmediated -- volume  |k 3rd  |l 1961  |m A14831686551 
952 f f |p ric  |a Texas A&M University  |b Rellis Campus  |c Joint Library Facility  |d Remote Storage  |t 0  |e QA76.4 .I58  |h Library of Congress classification  |i unmediated -- volume  |k 4th  |l 1964  |m A14807826226 
952 f f |p ric  |a Texas A&M University  |b Rellis Campus  |c Joint Library Facility  |d Remote Storage  |t 0  |e QA76.4 .I58  |h Library of Congress classification  |i unmediated -- volume  |k 1st  |l 1955  |m A14807826200 
998 f f |a QA76.4 .I58  |s 1st-6th (1955-1970)  |t 0  |l Remote Storage